000 00572nam a2200193 i 4500
001 7186
003 ES-MaACL
005 20230906145159.0
007 t|
008 901005s1989 sp ||||1| spa d
020 _a84-87178-00-6
080 _a86-94"19"
080 _a86(Alvarez,L.7 V.01)
100 1 _aAlvarez, Lilí.
_920657
245 1 3 _aLa Vida vivida
_b: mi catecismo existencial /
_cLili Alvarez.
260 _aBarcelona :
_bFundación Lilí Alvarez :
_bEl Ciervo,
_cD.L. 1989.
300 _a127 p. ;
_c22 cm.
852 _aES-MaACL
_jL-14430
_bR.118050
_z. - rust.
999 _c7186
_d7186